[Event "CRO-ch U13"]
[Site "Trogir"]
[Date "2018.06.21"]
[Round "9"]
[White "Dragic, Hrvoje"]
[Black "Dumancic, Simun"]
[Result "0-1"]
[WhiteElo "1160"]
[BlackElo "1740"]
[PlyCount "106"]
[EventDate "2018.06.16"]
[EventType "swiss"]
[EventRounds "9"]
[EventCountry "CRO"]
[SourceTitle "EXT 2019"]
[Source "ChessBase"]
[SourceDate "2018.10.10"]
[SourceVersion "1"]
[SourceVersionDate "2018.10.10"]
[SourceQuality "1"]

1. e4 e5 2. Nf3 Nf6 3. Nc3 Nc6 4. h3 Bb4 5. Bc4 0-0 6. d3 d5 7. Bxd5 Nxd5 8. exd5 Qxd5 9. 0-0 Bxc3 10. bxc3 b6 11. Bb2 Bb7 12. Re1 Rae8 13. c4 Qd6 14. a4 Qg6 15. Ba3 Nd4 16. Nh4 Qg5 17. g3 c5 18. c3 Nf5 19. Nxf5 Qxf5 20. g4 Qg6 21. d4 exd4 22. cxd4 Rxe1+ 23. Qxe1 f5 24. d5 fxg4 25. Qe6+ Qxe6 26. dxe6 gxh3 27. a5 Rf6 28. e7 Re6 29. axb6 axb6 30. Bb2 Rxe7 31. Kh2 Re2 32. Bc1 Rxf2+ 33. Kg3 h2 34. Bg5 Rg2+ 35. Kf4 Rxg5 36. Kxg5 h1Q 37. Rxh1 Bxh1 38. Kf5 Kf7 39. Kg5 h6+ 40. Kf5 g5 41. Kg4 Kg6 42. Kh3 Kf5 43. Kg3 g4 44. Kh2 Be4 45. Kg3 Bd3 46. Kf2 Bxc4 47. Kg3 b5 48. Kh4 Kf4 49. Kh5 g3 50. Kxh6 g2 51. Kh5 g1Q 52. Kh6 Qg8 53. Kh5 Qg5# 0-1